书目信息 |
| 题名: |
建筑电气工程资料的管理与验收
|
|
| 作者: | 樊伟樑 编著 | |
| 分册: | ||
| 出版信息: | 北京 中国电力出版社 2006.06 |
|
| 页数: | 154页 | |
| 开本: | 26cm | |
| 丛书名: | 建筑电气工程建设丛书 | |
| 单 册: | ||
| 中图分类: | G275.3 | |
| 科图分类: | ||
| 主题词: | 电气设备--dian qi she bei--建筑安装工程--技术档案--档案管理 | |
| 电子资源: | ||
| ISBN: | 7-5083-4362-X | |
| 000 | 01051nam 2200265 450 | |
| 001 | 012007659183 | |
| 005 | 20071228083159.43 | |
| 010 | @a7-5083-4362-X@dCNY17.00 | |
| 100 | @a20071228d2006 km y0chiy0120 ea | |
| 101 | 0 | @achi |
| 102 | @aCN@b110000 | |
| 105 | @ak a 000yy | |
| 106 | @ar | |
| 200 | 1 | @a建筑电气工程资料的管理与验收@Ajian zhu dian qi gong cheng zi liao de guan li yu yan shou@f樊伟樑编著@Ffan wei liang bian zhu |
| 210 | @a北京@c中国电力出版社@d2006.06 | |
| 215 | @a154页@d26cm | |
| 225 | 2 | @a建筑电气工程建设丛书@Ajian zhu dian qi gong cheng jian she cong shu |
| 320 | @a有书目 (第154页) | |
| 330 | @a本书专为帮助解决工程施工技术资料整理、归档以及工程资料表格填写当中所遇的问题、难点而编写,内容包括工程资料的管理职责、工程资料的分类与编号、工程资料的内容与要求等。 | |
| 410 | 0 | @12001 @a建筑电气工程建设丛书 |
| 606 | 0 | @a电气设备@Adian qi she bei@x建筑安装工程@x技术档案@x档案管理 |
| 690 | @aG275.3@v4 | |
| 701 | 0 | @a樊伟樑@Afan wei liang@4编著 |
| 801 | 0 | @aCN@bQSSK@c20071228 |
| 905 | @b273354-56@dG275.3@eF071@f3 | |
| 建筑电气工程资料的管理与验收/樊伟樑编著.-北京:中国电力出版社,2006.06 |
| 154页;26cm.-(建筑电气工程建设丛书) |
| ISBN 7-5083-4362-X:CNY17.00 |
| 本书专为帮助解决工程施工技术资料整理、归档以及工程资料表格填写当中所遇的问题、难点而编写,内容包括工程资料的管理职责、工程资料的分类与编号、工程资料的内容与要求等。 |
| ● |
| 相关链接 |
|
|
|
正题名:建筑电气工程资料的管理与验收
索取号:G275.3/F071
 
预约/预借
| 序号 | 登录号 | 条形码 | 馆藏地/架位号 | 状态 | 备注 |
| 1 | 273354 | 202733541 | 社科库409/409社科库 60排3列3层/ [索取号:G275.3/F071] | 在馆 | |
| 2 | 273355 | 202733550 | 社科库409/409社科库 60排3列3层/ [索取号:G275.3/F071] | 在馆 | |
| 3 | 273356 | 202733569 | 社科库409/409社科库 60排3列3层/ [索取号:G275.3/F071] | 在馆 |